It looks like you're offline.
Open Library logo
additional options menu

MARC record from Internet Archive

LEADER: 01929cam 2200517 i 4500
001 ocm02213178
003 OCoLC
005 20181119103355.0
008 760422s1976 caua b 001 0 eng
010 $a 76015250
040 $aDLC$beng$cDLC$dMUQ$dSTF$dTBS$dUBY$dNIALS$dMEMOS$dDEBBG$dZWZ$dBDX$dOCLCO$dOCLCF$dOCLCQ
019 $a3723522$a917969353
020 $a091489420X
020 $a9780914894209
035 $a(OCoLC)2213178$z(OCoLC)3723522$z(OCoLC)917969353
050 00 $aQA76.9.D35$bH67
082 00 $a001.6/42
082 04 $a001.642$bH816
084 $aST 265$2rvk
100 1 $aHorowitz, Ellis.
245 10 $aFundamentals of data structures /$cEllis Horowitz, Sartaj Sahni.
260 $a[Woodland Hills, Calif.] :$bComputer Science Press,$c℗♭1976.
300 $axii, 564 pages :$billustrations ;$c24 cm.
336 $atext$btxt$2rdacontent
337 $aunmediated$bn$2rdamedia
338 $avolume$bnc$2rdacarrier
490 1 $aComputer software engineering series
504 $aIncludes bibliographical references and indexes.
530 $aAlso issued online.
650 0 $aData structures (Computer science)
650 6 $aStructures de donne es (Informatique)
650 7 $aData structures (Computer science)$2fast$0(OCoLC)fst00887978
650 7 $aStructures de donne es (informatique)$2ram
650 07 $aDatenstruktur.$2swd
700 1 $aSahni, Sartaj,$eauthor.
776 08 $iOnline version:$aHorowitz, Ellis.$tFundamentals of data structures.$d[Woodland Hills, Calif.] : Computer Science Press, ℗♭1976$w(OCoLC)570134122
830 0 $aComputer software engineering series.
938 $aBrodart$bBROD$n28122747$c$37.95
029 1 $aAU@$b000000763976
029 1 $aAU@$b000023896846
029 1 $aDEBBG$bBV006310323
029 1 $aDEBBG$bBV008288812
029 1 $aGBVCP$b075452499
029 1 $aNZ1$b2678428
994 $aZ0$bP4A
948 $hHELD BY P4A - 451 OTHER HOLDINGS